[Event "Reykjavik Congress"]
[Site "Reykjavik"]
[Date "2018.01.21"]
[Round "4"]
[White "Valdimarsson, Einar"]
[Black "Eliasson, Kristjan Orn"]
[Result "1/2-1/2"]
[WhiteElo "2023"]
[BlackElo "1846"]
[PlyCount "125"]
[EventDate "2018.01.10"]
[EventType "swiss"]
[EventRounds "9"]
[EventCountry "ISL"]
[SourceTitle "CBM 182 Extra"]
[Source "ChessBase"]
[SourceDate "2018.02.23"]
[SourceVersion "1"]
[SourceVersionDate "2018.02.23"]
[SourceQuality "1"]

1. d4 Nf6 2. Bg5 d5 3. Bxf6 exf6 4. e3 Bd6 5. Bd3 c6 6. Ne2 Bg4 7. Nd2 Nd7 8. Nb3 0-0 9. c3 Re8 10. Qc2 Nf8 11. 0-0 Ng6 12. Ng3 Qc7 13. a4 Nh4 14. Rfe1 g6 15. c4 dxc4 16. Qxc4 Be6 17. d5 Bxd5 18. Qxh4 Bxb3 19. Qxf6 Be5 20. Qg5 Qd8 21. Qxd8 Raxd8 22. Bf1 Rd2 23. Re2 Red8 24. f4 Bxb2 25. Rb1 Rxe2 26. Bxe2 Rd2 27. Kf1 Ba2 28. Rd1 Rxd1+ 29. Bxd1 Bc4+ 30. Kf2 b5 31. Ne4 Bd5 32. Nd6 Ba3 33. e4 Ba2 34. Nb7 a6 35. Ke2 Bc4+ 36. Kd2 Bb4+ 37. Ke3 c5 38. Nd6 Bf1 39. Kf2 Bc4 40. Nxc4 bxc4 41. Ke3 a5 42. Be2 c3 43. Kd3 Kf8 44. Bd1 Ke7 45. Bc2 f6 46. Kc4 Kd6 47. h4 h6 48. g4 Ke6 49. g5 fxg5 50. fxg5 hxg5 51. hxg5 Ke5 52. Bb1 Kf4 53. e5 Kxe5 54. Bxg6 Kf4 55. Bc2 Kxg5 56. Kd3 Kf4 57. Bb3 Kf3 58. Kc2 Ke3 59. Bc4 Kd4 60. Bb5 Ba3 61. Be8 Kc4 62. Bd7 Kb4 63. Be8 1/2-1/2

[Event "Reykjavik op"]
[Site "Reykjavik"]
[Date "2016.03.13"]
[Round "7"]
[White "Korley, Kassa"]
[Black "Valdimarsson, Einar"]
[Result "1-0"]
[WhiteElo "2412"]
[BlackElo "2029"]
[PlyCount "65"]
[EventDate "2016.03.08"]
[EventType "swiss"]
[EventRounds "10"]
[EventCountry "ISL"]
[SourceTitle "CBM 171 Extra"]
[Source "ChessBase"]
[SourceDate "2016.04.26"]
[SourceVersion "1"]
[SourceVersionDate "2016.04.26"]
[SourceQuality "1"]

1. d4 d5 2. Nf3 Nf6 3. c4 dxc4 4. e3 Bg4 5. Bxc4 e6 6. Nc3 Nc6 7. h3 Bh5 8. a3 Bd6 9. Be2 Bxf3 10. Bxf3 Qd7 11. Qc2 0-0 12. Bd2 e5 13. d5 Ne7 14. Rd1 h6 15. g3 Nh7 16. h4 Kh8 17. g4 b5 18. e4 b4 19. axb4 Bxb4 20. g5 c5 21. gxh6 g6 22. h5 g5 23. Rg1 Rg8 24. Bg4 Qd8 25. Nb5 Qa5 26. Nd6 Rgf8 27. Nc4 Bxd2+ 28. Rxd2 Qa1+ 29. Rd1 Qa2 30. Nxe5 Rab8 31. Nd7 Qa5+ 32. Qc3+ Qxc3+ 33. bxc3 1-0

[Event "Reykjavik op"]
[Site "Reykjavik"]
[Date "2016.03.11"]
[Round "5"]
[White "Wahlbom, Magnus"]
[Black "Valdimarsson, Einar"]
[Result "0-1"]
[WhiteElo "2229"]
[BlackElo "2029"]
[PlyCount "30"]
[EventDate "2016.03.08"]
[EventType "swiss"]
[EventRounds "10"]
[EventCountry "ISL"]
[SourceTitle "CBM 171 Extra"]
[Source "ChessBase"]
[SourceDate "2016.04.26"]
[SourceVersion "1"]
[SourceVersionDate "2016.04.26"]
[SourceQuality "1"]

1. e4 e5 2. Nf3 Nc6 3. Bb5 f5 4. Nc3 fxe4 5. Nxe4 Nf6 6. Nxf6+ gxf6 7. d4 Bg7 8. dxe5 0-0 9. exf6 Qxf6 10. c3 Ne5 11. Be2 c6 12. Be3 Qg6 13. Nxe5 Bxe5 14. Bf3 d5 15. 0-0 Rxf3 0-1

[Event "Reykjavik op"]
[Site "Reykjavik"]
[Date "2016.03.10"]
[Round "4"]
[White "Valdimarsson, Einar"]
[Black "Sigurvaldason, Hjalmar"]
[Result "1-0"]
[WhiteElo "2029"]
[BlackElo "1426"]
[PlyCount "63"]
[EventDate "2016.03.08"]
[EventType "swiss"]
[EventRounds "10"]
[EventCountry "ISL"]
[SourceTitle "CBM 171 Extra"]
[Source "ChessBase"]
[SourceDate "2016.04.26"]
[SourceVersion "1"]
[SourceVersionDate "2016.04.26"]
[SourceQuality "1"]

1. g4 d5 2. Bg2 Bxg4 3. c4 c6 4. cxd5 cxd5 5. Qb3 Qb6 6. Qxb6 axb6 7. Bxd5 Nc6 8. f3 Bd7 9. Bb3 Nd4 10. Bd1 e5 11. Nc3 Bc6 12. Kf2 Bc5 13. e3 Ne6 14. Ne4 Ne7 15. Ne2 f5 16. Nxc5 bxc5 17. a3 b5 18. Rg1 0-0 19. b3 Nd5 20. Bb2 e4 21. f4 Ra7 22. Nc3 c4 23. bxc4 bxc4 24. Be2 Nxc3 25. Bxc3 Bd5 26. Rab1 Rd7 27. Rb5 Nc7 28. Rc5 g6 29. Rb1 Na6 30. Rxd5 Rxd5 31. Bxc4 Nc7 32. Be5 1-0

[Event "Reykjavik op"]
[Site "Reykjavik"]
[Date "2016.03.08"]
[Round "1"]
[White "Valdimarsson, Einar"]
[Black "Grandelius, Nils"]
[Result "1-0"]
[WhiteElo "2029"]
[BlackElo "2646"]
[PlyCount "93"]
[EventDate "2016.03.08"]
[EventType "swiss"]
[EventRounds "10"]
[EventCountry "ISL"]
[SourceTitle "CBM 171 Extra"]
[Source "ChessBase"]
[SourceDate "2016.04.26"]
[SourceVersion "1"]
[SourceVersionDate "2016.04.26"]
[SourceQuality "1"]

1. d4 Nf6 2. Nc3 d5 3. e4 Nxe4 4. Nxe4 dxe4 5. Bc4 Nc6 6. c3 e5 7. Qb3 Qd7 8. dxe5 Nxe5 9. Bf4 Bd6 10. Rd1 Nxc4 11. Qxc4 0-0 12. Ne2 Qe6 13. Qxe6 Bxe6 14. Bxd6 cxd6 15. Rxd6 Bxa2 16. Nd4 Rfd8 17. Rxd8+ Rxd8 18. b3 Bb1 19. Kd2 Bd3 20. f3 f5 21. Ra1 a6 22. Ra5 Bf1 23. fxe4 fxe4 24. Rg5 h6 25. Rg3 Rd7 26. Ke3 Bd3 27. b4 Kh7 28. Ne6 Re7 29. Nc5 Bb1 30. Kd4 b6 31. Nxa6 Rd7+ 32. Ke3 g5 33. b5 Rd5 34. Nb4 Rxb5 35. Kd4 Rf5 36. c4 Rf1 37. Rb3 Rd1+ 38. Ke3 Re1+ 39. Kd4 Rd1+ 40. Ke3 Rg1 41. Rb2 Kg6 42. Nd5 Kf5 43. Rxb6 Ba2 44. Ne7+ Kg4 45. Kf2 Rc1 46. h3+ Kf4 47. Ng6+ 1-0

[Event "Reykjavik Skakmot op"]
[Site "Reykjavik"]
[Date "2015.04.29"]
[Round "5"]
[White "Thorsteinsdottir, Gudlaug"]
[Black "Valdimarsson, Einar"]
[Result "0-1"]
[WhiteElo "1956"]
[BlackElo "1889"]
[PlyCount "87"]
[EventDate "2015.03.25"]
[EventType "swiss"]
[EventRounds "7"]
[EventCountry "ISL"]
[SourceTitle "EXT 2016"]
[Source "ChessBase"]
[SourceDate "2015.10.08"]
[SourceVersion "1"]
[SourceVersionDate "2015.10.08"]
[SourceQuality "1"]

1. d4 g6 2. c4 Bg7 3. Nc3 c5 4. Nf3 cxd4 5. Nxd4 Nc6 6. e3 Nf6 7. Be2 0-0 8. 0-0 d6 9. Nc2 Bf5 10. f3 Bxc2 11. Qxc2 Rc8 12. Rd1 Qb6 13. Kh1 Ne5 14. b3 a6 15. Rb1 Rfd8 16. f4 Ned7 17. Bf3 Qc7 18. Qe2 b5 19. Nd5 Nxd5 20. Bxd5 e6 21. Bf3 bxc4 22. bxc4 Nb6 23. c5 Qxc5 24. Qxa6 Nd5 25. Bxd5 exd5 26. Qd3 d4 27. exd4 Qd5 28. Qb3 Qe4 29. Qd3 Qd5 30. Rb3 Rc4 31. Bb2 Rdc8 32. h3 Bh6 33. Qf3 Qf5 34. Rf1 Rc2 35. Rb7 Qa5 36. f5 g5 37. Qh5 Qd5 38. Qf3 Qxa2 39. Ra1 Qc4 40. f6 Bf8 41. Raa7 d5 42. Qf5 Rc1+ 43. Kh2 Bd6+ 44. g3 0-1

[Event "Reykjavik Skakmot op"]
[Site "Reykjavik"]
[Date "2015.04.22"]
[Round "4"]
[White "Olafsson, Thorvadur F"]
[Black "Valdimarsson, Einar"]
[Result "0-1"]
[WhiteElo "2230"]
[BlackElo "1889"]
[PlyCount "120"]
[EventDate "2015.03.25"]
[EventType "swiss"]
[EventRounds "7"]
[EventCountry "ISL"]
[SourceTitle "EXT 2016"]
[Source "ChessBase"]
[SourceDate "2015.10.08"]
[SourceVersion "1"]
[SourceVersionDate "2015.10.08"]
[SourceQuality "1"]

1. d4 g6 2. Nf3 Bg7 3. c4 c5 4. d5 f5 5. Nc3 Bxc3+ 6. bxc3 Qa5 7. Qd3 d6 8. g3 Nd7 9. Bg2 Ngf6 10. 0-0 Qa4 11. Bf4 Nb6 12. Nd2 Bd7 13. Qb1 0-0-0 14. Qb3 h6 15. f3 e5 16. Be3 Rde8 17. Bf2 g5 18. e4 f4 19. Rfe1 Nh5 20. g4 Nf6 21. h4 Reg8 22. h5 Nxg4 23. fxg4 Bxg4 24. Qxa4 Nxa4 25. Bf3 Bd7 26. Bd1 Nxc3 27. Nb1 Nxd1 28. Rxd1 Bg4 29. Re1 Bxh5 30. Nd2 Be8 31. Kg2 h5 32. Nf3 h4 33. Bxc5 dxc5 34. Nxe5 g4 35. Nd3 f3+ 36. Kf2 Bh5 37. Nxc5 g3+ 38. Ke3 h3 39. d6 f2 40. Reb1 b6 41. d7+ Kd8 42. Ne6+ Kxd7 43. Nf4 Bg4 44. c5 bxc5 45. Nd5 Rf8 46. e5 Ke6 47. Nf4+ Kf5 48. e6 h2 49. Rc1 c4 50. Rab1 a6 51. e7 Re8 52. Nd5 Ke5 53. Nf4 Rh6 54. Rxc4 Rxe7 55. Re4+ Kd6 56. Rb6+ Kc5 57. Rxh6 Rxe4+ 58. Kxe4 f1Q 59. Nd3+ Kb5 60. a4+ Ka5 0-1

[Event "Reykjavik op"]
[Site "Reykjavik"]
[Date "2015.03.12"]
[Round "4"]
[White "Valdimarsson, Einar"]
[Black "Wahlbom, Magnus"]
[Result "1-0"]
[WhiteElo "1889"]
[BlackElo "2278"]
[PlyCount "59"]
[EventDate "2015.03.10"]
[EventType "swiss"]
[EventRounds "10"]
[EventCountry "ISL"]
[SourceTitle "CBM 165 Extra"]
[Source "ChessBase"]
[SourceDate "2015.04.21"]
[SourceVersion "1"]
[SourceVersionDate "2015.04.21"]
[SourceQuality "1"]

1. e4 c5 2. Nc3 e6 3. f4 a6 4. Nf3 Nc6 5. Bd3 Qc7 6. e5 d6 7. Be4 dxe5 8. Bxc6+ Qxc6 9. fxe5 Ne7 10. 0-0 Nf5 11. d3 h5 12. Ne4 b6 13. Bg5 Bb7 14. Nh4 Bc8 15. Qf3 Qb7 16. c3 Ra7 17. Rae1 Nxh4 18. Bxh4 Qd7 19. Qf4 Bb7 20. Ng5 Bc8 21. Kh1 Rh6 22. d4 Qc7 23. dxc5 Bxc5 24. Rd1 f5 25. Ne4 Kf7 26. b4 Bf8 27. Rd8 Bb7 28. Ng5+ Kg8 29. Nxe6 Rxe6 30. Qxf5 1-0

[Event "Reykjavik op"]
[Site "Reykjavik"]
[Date "2015.03.10"]
[Round "1"]
[White "Gunnarsson, Jon Viktor"]
[Black "Valdimarsson, Einar"]
[Result "1-0"]
[WhiteElo "2443"]
[BlackElo "1889"]
[PlyCount "73"]
[EventDate "2015.03.10"]
[EventType "swiss"]
[EventRounds "10"]
[EventCountry "ISL"]
[SourceTitle "CBM 165 Extra"]
[Source "ChessBase"]
[SourceDate "2015.04.21"]
[SourceVersion "1"]
[SourceVersionDate "2015.04.21"]
[SourceQuality "1"]

1. e4 c5 2. Nf3 g6 3. d4 cxd4 4. Qxd4 Nf6 5. Nc3 Nc6 6. Qa4 d6 7. e5 dxe5 8. Nxe5 Bd7 9. Nxd7 Qxd7 10. Be3 Bg7 11. Rd1 Qc8 12. Be2 0-0 13. 0-0 Rd8 14. h3 Qf5 15. Bf3 g5 16. Ne4 h6 17. Ng3 Qe5 18. c3 Nd5 19. Bc1 Nf4 20. Bxc6 bxc6 21. Qxc6 Ne2+ 22. Nxe2 Qxe2 23. Rde1 Qc2 24. Rxe7 Bf8 25. Ree1 Qf5 26. Qe4 Qa5 27. a3 Re8 28. Qg4 Qb6 29. b4 a5 30. h4 axb4 31. cxb4 Bg7 32. hxg5 h5 33. Qxh5 Bd4 34. Qf3 Kg7 35. Rxe8 Rxe8 36. Rd1 Rh8 37. Be3 1-0

[Event "ISL-chT 1011"]
[Site "Reykjavik"]
[Date "2010.10.10"]
[Round "4.4"]
[White "Gretarsson, Andri Ass"]
[Black "Valdimarsson, Einar"]
[Result "1-0"]
[WhiteElo "2324"]
[BlackElo "1824"]
[PlyCount "47"]
[EventDate "2010.10.08"]
[EventType "team-tourn"]
[EventRounds "9"]
[EventCountry "ISL"]
[SourceTitle "EXT 2012"]
[Source "ChessBase"]
[SourceDate "2011.11.24"]
[SourceVersion "1"]
[SourceVersionDate "2011.11.24"]
[SourceQuality "1"]
[WhiteTeam "Hellir"]
[BlackTeam "Haukar"]
[WhiteTeamCountry "ISL"]
[BlackTeamCountry "ISL"]

1. e4 d5 2. exd5 Qxd5 3. Nc3 Qd8 4. Nf3 Nf6 5. Bc4 e6 6. d4 Be7 7. 0-0 0-0 8. Bb3 a6 9. a4 Nbd7 10. Re1 Nb6 11. Qd3 Nbd5 12. Ne2 c5 13. c3 Qc7 14. Ne5 cxd4 15. Nxd4 Bd6 16. Ndf3 b6 17. Bg5 Bb7 18. Rad1 Be7 19. Bc2 Rfd8 20. Qe2 h6 21. Nxf7 hxg5 22. Qxe6 Bc8 23. Nh6+ Kh8 24. Qg8+ 1-0

[Event "ISL-chT 1011"]
[Site "Reykjavik"]
[Date "2010.10.09"]
[Round "3.2"]
[White "Halldorsson, Jon Arni"]
[Black "Valdimarsson, Einar"]
[Result "1/2-1/2"]
[WhiteElo "2194"]
[BlackElo "1824"]
[PlyCount "52"]
[EventDate "2010.10.08"]
[EventType "team-tourn"]
[EventRounds "9"]
[EventCountry "ISL"]
[SourceTitle "EXT 2012"]
[Source "ChessBase"]
[SourceDate "2011.11.24"]
[SourceVersion "1"]
[SourceVersionDate "2011.11.24"]
[SourceQuality "1"]
[WhiteTeam "Fjolnir"]
[BlackTeam "Haukar"]
[WhiteTeamCountry "ISL"]
[BlackTeamCountry "ISL"]

1. d4 Nf6 2. Nf3 d5 3. c4 e6 4. g3 Be7 5. Bg2 0-0 6. 0-0 c5 7. cxd5 exd5 8. Nc3 Nc6 9. b3 h6 10. Bb2 Be6 11. Rc1 Rc8 12. dxc5 Bxc5 13. Na4 Be7 14. Nd4 Qd7 15. Nxe6 Qxe6 16. Nc5 Bxc5 17. Rxc5 Ne7 18. Rxc8 Rxc8 19. Qd3 Ne4 20. Rd1 b5 21. Qd4 Nf6 22. Bf3 Rc2 23. Rd2 Nc6 24. Qd3 Nb4 25. Qd4 Nc6 26. Qd3 Nb4 1/2-1/2